Повышение эффективности разработки месторождений при современной организации гидродинамических исследований скважин; Нефтяное хозяйство; № 10

Podrobná bibliografie
Parent link:Нефтяное хозяйство: научно-технический производственный журнал.— , 1925-1940, 1946-.— 0028-2448
№ 10.— 2003.— С. 82-85
Hlavní autor: Батырбаев М. Д.
Další autoři: Лавров В. В.
Jazyk:ruština
Vydáno: 2003
Edice:Разработка и эксплуатация нефтяных месторождений
Témata:
Médium: Kapitola
KOHA link:https://koha.lib.tpu.ru/cgi-bin/koha/opac-detail.pl?biblionumber=388597

MARC

LEADER 00000naa2a2200000 4500
001 388597
005 20231101063750.0
035 |a (RuTPU)RU\TPU\prd\19892 
090 |a 388597 
100 |a 20031121a2003 k y0rusy50 ca 
101 0 |a rus 
102 |a RU 
200 1 |a Повышение эффективности разработки месторождений при современной организации гидродинамических исследований скважин  |f М. Д. Батырбаев, В. В. Лавров 
225 1 |a Разработка и эксплуатация нефтяных месторождений 
461 1 |0 (RuTPU)RU\TPU\prd\1638  |x 0028-2448  |t Нефтяное хозяйство  |o научно-технический производственный журнал  |d 1925-1940, 1946- 
463 1 |0 (RuTPU)RU\TPU\prd\19749  |t № 10  |v С. 82-85  |d 2003 
610 1 |a скважины 
610 1 |a эффективность 
610 1 |a гидродинамические исследования 
610 1 |a месторождения 
610 1 |a разработка 
675 |a 622.276.1/.4(574)  |v 3 
700 1 |a Батырбаев  |b М. Д. 
701 1 |a Лавров  |b В. В. 
801 1 |a RU  |b 63413507  |c 20031121  |g PSBO 
801 2 |a RU  |b 63413507  |c 20131028  |g RCR 
942 |c BK